Antonio Quirós (1912-1984) / (Registro nro. 13051)

Detalles MARC
000 -LIDER
fixed length control field 00885nam a2200301 4500
001 - NÚMERO DE CONTROL
Identificador de número de control
003 - IDENTIFICACDOR DE NÚMERO DE CONTROL
control field DO-SdBNP
005 - DATE AND TIME OF LATEST TRANSACTION
control field 20231030133126.0
008 - ELEMENTOS DE LONGITUD FIJA
fixed length control field 881005s1986 sp a spa
016 7# - NO. DE CONTROL DE LA AGENCIA BIB. NACIONAL
Record control number
Canceled/invalid record control number
Source
017 ## - NÚMERO DE REGISTRO DE DERECHOS DE AUTOR
Copyright or legal deposit number
Assigning agency
035 ## - NÚMERO LOCAL
System control number
040 ## - FUENTE DE CATALOGACIÓN
Agencia que crea de manera original el registro DO-SdBNP
Idioma de catalogación spa
Agencia que realiza la transcripción DO-SdBNP
Convenciones de la despripción
080 #0 - NÚMERO DE CLASIFICACIÓN DECIMAL UNIVERSAL
Universal Decimal Classification number
082 #4 - NÚMERO DE CLASIFICACIÓN DECIMAL DE DEWEY
Classification number 759.6
Item number Q8A 1986
Edition number 22
245 00 - MENCIÓN DE TITULO
Título Antonio Quirós (1912-1984) /
Mención de responsabilidad coordinadora Alicia Navarro Granell
Medio (Designación general de material)
260 ## - PUBLICACIÓN, DISTRIBUCIÓN, ETC. (PIE DE IMPRENTA)
Lugar de publicación, distribución, etc Madrid :
Nombre del editor, distribuidor, etc. Centro Cultural del Conde Duque
Fecha de publicación, distribución, etc 1986
300 ## - DESCRIPCIÓN FÍSICA
Extensión 283 p. ;
Otros detalles físicos
Dimensiones 23 cm
504 ## - NOTA DE BIBLIOGRAFÍA, ETC.
Bibliography, etc Bibliografía: p. 283
600 17 - ENCABEZAMIENTO DE MATERIA--NOMBRE PERSONAL
Nombre personal Quirós, Antonio
Fechas asociadas con el nombre 1912-1984
Subdivisión de forma Exposiciones
Fuente del encabezado o término
650 #4 - ENCABEZAMIENTO DE MATERIA--TEMÁTICO
Término temático o nombre geográfico como elemento de entrada Pinturas
Mención de responsabilidad xposiciones
700 1# - ASIENTO SECUNDARIO -- NOMBRE PERSONAL
Nombre personal Navarro Granell , Alicia
Mención de responsabilidad coord-.
710 2# - ASIENTO SECUNDARIO -- NOMBRE CORPORATIVO
Nombre corporativo o de jurisdicción Centro Cultural del Conde Duque
910 ## - VALIDACIÓN
Validación VMateo v. Control de calidad. BPMSU
942 ## - ADDED ENTRY ELEMENTS (KOHA)
Source of classification or shelving scheme Dewey Decimal Classification
Koha item type Libros
980 ## - EQUIVALENCE OR CROSS-REFERENCE-SERIES STATEMENT--PERSONAL NAME/TITLE [LOCAL, CANADA]
Personal name
Numeration
Attribution qualifier
Titles and other words associated with a name
980 ## - EQUIVALENCE OR CROSS-REFERENCE-SERIES STATEMENT--PERSONAL NAME/TITLE [LOCAL, CANADA]
Personal name
Numeration
Attribution qualifier
Titles and other words associated with a name
Existencias
Withdrawn status Lost status Source of classification or shelving scheme Damaged status Not for loan Collection code Home library Current library Date acquired Source of acquisition Total Checkouts Full call number Barcode Date last seen Price effective from Koha item type
    Dewey Decimal Classification     Colección General Biblioteca Pública Metropolitana Salomé Ureña Biblioteca Pública Metropolitana Salomé Ureña 11/23/2017 CSIC   BPMSU CG 759.6 Q8A 1986 BPMSU23100033 11/23/2017 11/23/2017 Mapas